<?xml version="1.0" encoding="UTF-8"?>
<record
    xmlns:xsi="http://www.w3.org/2001/XMLSchema-instance"
    xsi:schemaLocation="http://www.loc.gov/MARC21/slim http://www.loc.gov/standards/marcxml/schema/MARC21slim.xsd"
    xmlns="http://www.loc.gov/MARC21/slim">

  <leader>03467nam a2200349 a 4500</leader>
  <controlfield tag="003">OSt</controlfield>
  <controlfield tag="005">20240801104917.0</controlfield>
  <controlfield tag="007">cr ||||||a|c|a</controlfield>
  <controlfield tag="008">240801s2021    mx a|||fom||| 001 0 spa d</controlfield>
  <datafield tag="040" ind1=" " ind2=" ">
    <subfield code="e">rda</subfield>
  </datafield>
  <datafield tag="100" ind1="1" ind2=" ">
    <subfield code="a">Mart&#xED;nez Ort&#xED;z, Manolo</subfield>
    <subfield code="9">189306</subfield>
  </datafield>
  <datafield tag="245" ind1="1" ind2=" ">
    <subfield code="a">Efecto de extractos de granada y t&#xE9; verde en el comportamiento productivo, salud e inmunidad en conejos de engorda /</subfield>
    <subfield code="c">por Manolo Mart&#xED;nez Ortiz; director de tesis Marianella Fallas L&#xF3;pez; secretario Raymundo Rodr&#xED;guez de Lara; vocal Jos&#xE9; Luis Zaragoza Ram&#xED;rez; suplente Constantino Romero Marquez; suplente Yesenia P&#xE9;rez Garc&#xED;a.</subfield>
  </datafield>
  <datafield tag="264" ind1=" " ind2="1">
    <subfield code="a">Chapingo, M&#xE9;xico :</subfield>
    <subfield code="b">El autor,</subfield>
    <subfield code="c">2021.</subfield>
  </datafield>
  <datafield tag="300" ind1=" " ind2=" ">
    <subfield code="a">1 recurso en l&#xED;nea (54 p&#xE1;ginas):</subfield>
    <subfield code="b">cuadros, figuras.</subfield>
  </datafield>
  <datafield tag="336" ind1=" " ind2=" ">
    <subfield code="2">rdacontent</subfield>
    <subfield code="a">texto</subfield>
    <subfield code="b">txt</subfield>
  </datafield>
  <datafield tag="337" ind1=" " ind2=" ">
    <subfield code="2">rdamedia</subfield>
    <subfield code="a">computadora</subfield>
    <subfield code="b">c</subfield>
  </datafield>
  <datafield tag="338" ind1=" " ind2=" ">
    <subfield code="2">rdacarrier</subfield>
    <subfield code="a">recurso en l&#xED;nea</subfield>
    <subfield code="b">cr</subfield>
  </datafield>
  <datafield tag="502" ind1=" " ind2=" ">
    <subfield code="b">IAEZ</subfield>
    <subfield code="c">Zootecn&#xED;a</subfield>
    <subfield code="d">2021.</subfield>
    <subfield code="g">LIC</subfield>
  </datafield>
  <datafield tag="504" ind1=" " ind2=" ">
    <subfield code="a">Incluye referencias bibliogr&#xE1;ficas: p&#xE1;ginas 41-44.</subfield>
  </datafield>
  <datafield tag="520" ind1=" " ind2=" ">
    <subfield code="a">El objetivo fue evaluar la adici&#xF3;n de un aditivo con extractos de granada y t&#xE9; verde (VETSSN), en el gua de bebida, sobre la ganancia diaria de peso (GDP), consumo diario de alimento (CDA), conversi&#xF3;n alimenticia (CA), mortalidad, carga de ooquistes en heces (COH) y niveles de inmunoglobulinas totales s&#xE9;ricas (NITS) en conejos de engorda. 240 conejos de 28 d&#xED;as de edad fueron asignados aleatoriamente a cuatro tratamientos: T1) grupo control sin f&#xE1;rmacos o aditivos; T2) con verm&#xED;fugo, sulfamidas y vitaminas en agua al inicio de la engorda durante 7 d&#xED;as; T3) adici&#xF3;n de 1 mL VETSSN por d&#xED;a/conejo durante 42 d&#xED;as y T4) Adici&#xF3;n de 2 mL VETSSN mismo protocolo. El dise&#xF1;o fue completamente al azar con cuatro tratamientos y 12 repeticiones por tratamiento, la unidad experimental fue una jaula, con 5 conejos. Ocho conejos adicionales fueron asignados aleatoriamente a los mismos tratamientos (2 por jaula) y tres muestreos durante la engorda para determinar COH y NITS. No se encontr&#xF3; efecto (P &gt; 0.05) de tratamiento en GDP, pero si en CDA (P = 0.02) y CA (P = 0.0002). La CA para T4 fue 3.25 &#xB1; 0.10 (P &lt; 0.05) menor a 3.54, 3.66 y 3.81 en T3, T2 y T1. La mortalidad en T4 (3.3%) fue menor a los dem&#xE1;s tratamientos (6.7%) sin diferencia significativa (P &gt; 0.05). La COH tendi&#xF3; (P = 0.288) a disminuir en T2, T3 y T4 vs. T1. COH en fueron inferiores en 3100 (T2), 3325 (T3) y 3172.2 (T4) comparado con T1. NITS fue influenciada por tratamiento (P = 0.01) y semana de muestreo (P = 0.012). Los conejos en T3 fueron superiores en 29.0, 31.5 y 19.0 % comparados con T1, T2 y T4, mientras que los valores en la quinta semana fueron superiores en un 17.5 y 14.6% comparados a la sexta y s&#xE9;ptima. VETSSN mostro efectos ben&#xE9;ficos en comportamiento productivo, salud e inmunidad en conejos.</subfield>
  </datafield>
  <datafield tag="650" ind1=" " ind2="4">
    <subfield code="a">Granada</subfield>
    <subfield code="x">Efecto en conejos</subfield>
    <subfield code="9">189308</subfield>
  </datafield>
  <datafield tag="650" ind1=" " ind2="4">
    <subfield code="a">Camellia sinensis</subfield>
    <subfield code="x">Efecto en conejos</subfield>
    <subfield code="9">189307</subfield>
  </datafield>
  <datafield tag="650" ind1=" " ind2="4">
    <subfield code="a">Conejos</subfield>
    <subfield code="x">Engorda</subfield>
    <subfield code="9">26363</subfield>
  </datafield>
  <datafield tag="650" ind1=" " ind2="4">
    <subfield code="a">Conejos</subfield>
    <subfield code="x">Inmunolog&#xED;a</subfield>
    <subfield code="9">133722</subfield>
  </datafield>
  <datafield tag="700" ind1="1" ind2=" ">
    <subfield code="a">Fallas L&#xF3;pez, Marianella.</subfield>
    <subfield code="9">39399</subfield>
    <subfield code="e">Director de tesis.</subfield>
  </datafield>
  <datafield tag="700" ind1="1" ind2=" ">
    <subfield code="a">Rodr&#xED;guez de Lara, Raymundo</subfield>
    <subfield code="9">98436</subfield>
    <subfield code="e">Secretario.</subfield>
  </datafield>
  <datafield tag="700" ind1="1" ind2=" ">
    <subfield code="a">Zaragoza Ram&#xED;rez, Jos&#xE9; Luis</subfield>
    <subfield code="9">123684</subfield>
    <subfield code="e">Vocal.</subfield>
  </datafield>
  <datafield tag="700" ind1="1" ind2=" ">
    <subfield code="a">Romero M&#xE1;rquez, Constantino</subfield>
    <subfield code="9">99621</subfield>
    <subfield code="e">Suplente.</subfield>
  </datafield>
  <datafield tag="700" ind1="1" ind2=" ">
    <subfield code="a">P&#xE9;rez Garc&#xED;a, Yesenia</subfield>
    <subfield code="9">189328</subfield>
    <subfield code="e">Suplente.</subfield>
  </datafield>
  <datafield tag="856" ind1=" " ind2=" ">
    <subfield code="u">http://10.13.5.2/tesis/tl/2021_ZO_Martinez_Ortiz_Manolo.pdf</subfield>
    <subfield code="z">DESCARGAR PDF</subfield>
  </datafield>
  <datafield tag="942" ind1=" " ind2=" ">
    <subfield code="2">Clasificaci&#xF3;n Universidad Aut&#xF3;noma Chapingo</subfield>
    <subfield code="c">TD</subfield>
  </datafield>
  <datafield tag="999" ind1=" " ind2=" ">
    <subfield code="c">220042</subfield>
    <subfield code="d">220042</subfield>
  </datafield>
  <datafield tag="952" ind1=" " ind2=" ">
    <subfield code="0">0</subfield>
    <subfield code="1">0</subfield>
    <subfield code="2">local</subfield>
    <subfield code="4">0</subfield>
    <subfield code="5">1</subfield>
    <subfield code="7">0</subfield>
    <subfield code="8">TesDigL</subfield>
    <subfield code="a">BD</subfield>
    <subfield code="b">BD</subfield>
    <subfield code="c">E_L</subfield>
    <subfield code="d">2024-08-01</subfield>
    <subfield code="l">0</subfield>
    <subfield code="o">Tesis digital</subfield>
    <subfield code="r">2024-08-01 09:27:59</subfield>
    <subfield code="w">2024-08-01</subfield>
    <subfield code="y">TD</subfield>
  </datafield>
</record>
